000 00529nam a2200217Ia 4500
003 OSt
005 20221005122258.0
006 a|||||r|||| 00| 0
007 ta
008 221004b |||||||| |||| 00| 0 tam d
024 _a52005
037 _cTextual
040 _aCRL
_cCRL
_btam
041 _2tam
_atam
082 _aU2, 31K0
100 _aKaruppannan
_9631758
245 0 _aIyarkaiyin thiruvlaiyadal
650 _aGEOGRAPHY
942 _hU2, 31K0
_cTEXL
_2cc
999 _c1043817
_d1043817